Review of some elements of soil-moisture theory /

Bibliographic Details
Main Author: Remson, Irwin
Other Authors: Randolph, J. R. (James R.)
Format: Government Document Book
Language:English
Published: Washington : U.S. Govt. Print. Off, 1962.
Series:Fluid movement in earth materials.
Subjects:

MARC

Tag First Indicator Second Indicator Subfields
LEADER 00000cam a2200000Ii 4500
001 in00002783948
005 20151202171839.0
008 790509s1962 dcua b f000 0 eng d
035 |a (OCoLC)ocm04946741 
035 |a (OCoLC)4946741 
040 |a MIA  |c MIA  |d IAS  |d OCLCQ  |d UtOrBLW 
049 |a TXAM 
050 4 |a QE75  |b .P9 no.411-D 
086 0 |a I 19.16:411-D 
100 1 |a Remson, Irwin. 
245 1 0 |a Review of some elements of soil-moisture theory /  |c by Irwin Remson and J.R. Randolph. 
264 1 |a Washington :  |b U.S. Govt. Print. Off,  |c 1962. 
300 |a iv, 38 pages :  |b illustrations ;  |c 29 cm. 
336 |a text  |b txt  |2 rdacontent 
337 |a unmediated  |b n  |2 rdamedia 
338 |a volume  |b nc  |2 rdacarrier 
490 1 |a Fluid movement in earth materials 
490 1 |a Geological Survey professional paper ; 411-D 
504 |a Includes bibliographical references (pages 37-38). 
650 0 |a Soil moisture. 
700 1 |a Randolph, J. R.  |q (James R.) 
830 0 |a Fluid movement in earth materials. 
810 1 |a United States.  |b Geological Survey.  |t Professional paper ;  |v 411-D. 
948 |a cataloged  |b h  |c 2012/12/13  |d c  |e mvaldespin  |f 01:57:41 pm 
994 |a C0  |b TXA 
999 |a MARS 
999 f f |s ff481e33-ddd4-33e7-acf4-d63316ab585a  |i 06805d16-0aea-38fc-931b-56499b224ecd  |t 0 
952 f f |p normal  |a Texas A&M University  |b College Station  |c Sterling C. Evans Library  |d Evans: US Documents (Annex 5th floor)  |t 0  |e I 19.16:411-A-I  |h Superintendent of Documents classification  |i unmediated -- volume  |m A14833914439 
952 f f |a Texas A&M University  |b College Station  |c Sterling C. Evans Library  |d Evans: US Documents (Annex 5th floor)  |t 0  |e I 19.16:411-A-I  |h Superintendent of Documents classification 
998 f f |a I 19.16:411-A-I  |t 0  |l Evans: US Documents (Annex 5th floor)